Alker V Collingwood Housing Association (Record no. 79075)
[ view plain ]
| 000 -LEADER | |
|---|---|
| fixed length control field | 01860cab a22002295a 4500 |
| 001 - CONTROL NUMBER | |
| control field | L139734 |
| 008 - FIXED-LENGTH DATA ELEMENTS--GENERAL INFORMATION | |
| fixed length control field | 070807e20070207xxk f w 000 0 eng d |
| 035 ## - SYSTEM CONTROL NUMBER | |
| System control number | (Sirsi) u139734 |
| 041 0# - LANGUAGE CODE | |
| Language code of text/sound track or separate title | eng |
| 245 00 - TITLE STATEMENT | |
| Title | Alker V Collingwood Housing Association |
| Medium | [electronic resource] |
| 260 ## - PUBLICATION, DISTRIBUTION, ETC. | |
| Date of publication, distribution, etc. | 2007 |
| 520 ## - SUMMARY, ETC. | |
| Summary, etc. | [2007] EWCA Civ 343, 7 February 2007. The landlord (C) appealed against a decision that it had breached the Defective Premises Act 1972 s4. The tenant (A) had accidentally put her hand through glass in the front door of the premises rented to her, causing herself injury. It was not safety glass but annealed glass, which had been understood to present a safety hazard since at least 1963. A argued that the obligation to keep the premises in good condition applied to the state of the pane of glass and had not been carried out. "Held": A duty to "keep in good condition", even if it encompassed a duty to put in good condition, could not include a duty to make safe. A house might present many hazards but the 1972 Act did not require a landlord, under the burden of section 4 alone, to make safe any such dangerous feature. If the decision were to stand, it would transform section 4 beyond its intention as a covenant to keep in good condition, to a covenant to make safe. This was not its intention, and was for Parliament to alter if it saw fit. Appeal allowed. |
| 590 ## - LOCAL NOTE (RLIN) | |
| Local note | KA |
| 650 24 - SUBJECT ADDED ENTRY--TOPICAL TERM | |
| Topical term or geographic name entry element | DEFECTIVE PREMISES ACT 1972 S4 |
| 650 24 - SUBJECT ADDED ENTRY--TOPICAL TERM | |
| Topical term or geographic name entry element | ALKER V COLLINGWOOD HOUSING ASSOCIATION |
| 650 24 - SUBJECT ADDED ENTRY--TOPICAL TERM | |
| Topical term or geographic name entry element | MCAULEY V BRISTOL CITY COUNCIL |
| 650 24 - SUBJECT ADDED ENTRY--TOPICAL TERM | |
| Topical term or geographic name entry element | RATCLIFFE V SANDWELL MBC |
| 651 #4 - SUBJECT ADDED ENTRY--GEOGRAPHIC NAME | |
| Geographic name | England and Wales |
| Chronological subdivision | 1543- |
| 690 ## - LOCAL SUBJECT ADDED ENTRY--TOPICAL TERM (OCLC, RLIN) | |
| Topical term or geographic name as entry element | PROPERTY-RESIDENTIAL PROPERTY-RESIDENTIAL LANDLORD AND TENANT-RESIDENTIAL TENANCIES |
| 856 40 - ELECTRONIC LOCATION AND ACCESS | |
| Uniform Resource Identifier | <a href="https://www.bailii.org/ew/cases/EWCA/Civ/2007/343.html">https://www.bailii.org/ew/cases/EWCA/Civ/2007/343.html</a> |
| Public note | View the judgement free of charge at www.bailii.org... |
| 942 ## - ADDED ENTRY ELEMENTS (KOHA) | |
| Suppress in OPAC | 0 |
| Withdrawn status | Lost status | Source of classification or shelving scheme | Damaged status | Not for loan | Home library | Current library | Shelving location | Date acquired | Total Checkouts | Full call number | Barcode | Date last seen | Copy number | Price effective from | Koha item type |
|---|---|---|---|---|---|---|---|---|---|---|---|---|---|---|---|
| Dewey Decimal Classification | Virtual | Virtual | Online | 07/08/2007 | ONLINE PUBLICATION | 139734-1001 | 06/08/2019 | 1 | 06/08/2019 | Law report |